| 000 | 00384 a2200157 4500 | ||
|---|---|---|---|
| 020 | _a220667 | ||
| 082 | _a005.1 | ||
| 090 |
_c3691 _d3691 |
||
| 100 | _aSchein,Phillip G. | ||
| 245 |
_aMCSE Windows 2000 Security Design _cPhillip G.Schein |
||
| 250 | _a1st | ||
| 260 |
_aNew Delhi _bDreamtech Press _c2000 |
||
| 300 | _a442p | ||
| 500 | _aPaper cover | ||
| 942 |
_aNBS _cBK _k005.1 SCH |
||
| 999 |
_c346157 _d346157 |
||